[Event "EU-ch U20 Girls"]
[Site "Zanka"]
[Date "1995.??.??"]
[Round "10"]
[White "Bradianu, Ileana"]
[Black "Grabics, Monika"]
[Result "0-1"]
[WhiteElo "2055"]
[BlackElo "2315"]

1.e4 c5 2.Nf3 Nc6 3.d4 cxd4 4.Nxd4 Nf6 5.Nc3 d6 6.Bg5 e6 7.Bc4 a6 8.Bb3 Qa5
9.Bxf6 gxf6 10.Nxc6 bxc6 11.Qf3 Be7 12.O-O-O Bd7 13.Rhe1 Qg5+ 14.Kb1 e5 15.Qd3 O-O
16.h4 Qh5 17.g4 Bxg4 18.Rg1 Kh8 19.Rdf1 f5 20.f4 fxe4 21.Qxe4 d5 22.Qxe5+ Qxe5
23.fxe5 h5 24.Nd1 Bc5 25.Rg3 Bd4 26.c4 Bxe5 27.Re3 Bd4 28.Re7 Be6 29.cxd5 cxd5
30.Nc3 Rab8 31.Ne2 Be5 32.Ra7 Rb6 33.Nf4 Bxf4 34.Rxf4 Rc8 35.Rf1 Rbc6 36.a3 Rb6
37.Bd1 d4 38.Bxh5 d3 39.Bxf7 d2 40.Bh5 Rbc6  0-1

[Event "Zaragoza op-A"]
[Site "Zaragoza"]
[Date "1995.??.??"]
[Round "3"]
[White "Payen, Arnaud"]
[Black "Estremera Panos, Sergio"]
[Result "1/2-1/2"]
[WhiteElo "2380"]
[BlackElo "2320"]

1.e4 c5 2.Nf3 Nc6 3.d4 cxd4 4.Nxd4 Nf6 5.Nc3 d6 6.Bg5 e6 7.Qd2 a6 8.O-O-O h6
9.Bf4 Bd7 10.Bg3 Rc8 11.Be2 Nxd4 12.Qxd4 e5 13.Qe3 Qa5 14.f4 Be7 15.h4 O-O
16.Be1 b5 17.fxe5 dxe5 18.Kb1 b4 19.Nd5 Nxd5 20.Rxd5 Qc7 21.Rd2 Be6 22.Bf2 Qa5
23.b3 Bc5 24.Qg3 Qb6 25.Bxc5 Rxc5 26.Qd3 a5 27.Qd6 Qxd6 28.Rxd6 Rfc8 29.Bd3 Kf8
30.Ra6 h5 31.Kb2 Bg4 32.Re1 R8c6 33.Rxc6 Rxc6 34.a3 Bd7 35.axb4 axb4 36.Be2 Rd6
37.Rd1 Rxd1 38.Bxd1 Bc6 39.Bf3 g6 40.c3 f5 41.exf5 Bxf3 42.gxf3 g5 43.cxb4 gxh4
44.b5 h3 45.b6 h2 46.b7 h1=Q 47.b8=Q+ Kf7 48.Qxe5 Qxf3 49.Qe6+ Kf8 50.Qf6+ Ke8
51.b4 Qe2+ 52.Ka3 Qf3+ 53.Ka4 Qa8+ 54.Kb5 Qd5+ 55.Ka4 Qa2+ 56.Kb5 Qd5+  1/2-1/2

[Event "Zaragoza op-A"]
[Site "Zaragoza"]
[Date "1995.??.??"]
[Round "6"]
[White "De la Villa Garcia, Jesus Maria"]
[Black "Garcia Ilundain, David"]
[Result "1/2-1/2"]
[WhiteElo "2490"]
[BlackElo "2485"]

1.e4 c5 2.Nf3 d6 3.d4 Nf6 4.Nc3 cxd4 5.Nxd4 Nc6 6.Bg5 e6 7.Qd2 a6 8.O-O-O Bd7
9.f3 Be7 10.Be3 h5 11.f4 b5 12.Bd3 Qb8 13.Nf3 Bd8 14.e5 dxe5 15.fxe5 Nxe5
16.Nxe5 Qxe5 17.Be4 Rc8 18.Bf4 Qc5 19.Bb7 Ba5 20.Bxc8 Bxc8 21.Rhe1 Bb7 22.Qd3 O-O
23.Qg3  1/2-1/2

[Event "Zaragoza op-A"]
[Site "Zaragoza"]
[Date "1995.??.??"]
[Round "6"]
[White "Spraggett, Kevin"]
[Black "Veingold, Aleksandr"]
[Result "0-1"]
[WhiteElo "2520"]
[BlackElo "2410"]

1.e4 c5 2.Nf3 Nc6 3.d4 cxd4 4.Nxd4 Nf6 5.Nc3 d6 6.Bg5 e6 7.Qd2 a6 8.O-O-O h6
9.Be3 Bd7 10.f4 b5 11.Bd3 Be7 12.h3 Nxd4 13.Bxd4 b4 14.Ne2 e5 15.Be3 Qa5
16.Kb1 O-O 17.g4 exf4 18.Bxf4 Be6 19.Nc1 d5 20.Nb3 Qb6 21.Be3 Qb7 22.exd5 Bxd5
23.Rhe1 Ne4 24.Qe2 Rfe8 25.Bxa6 Rxa6 26.Rxd5 Rxa2 27.Qb5 Qa8 28.Qxe8+ Qxe8
29.Kxa2 Qc6 30.Re5 Bf6  0-1

[Event "Zaragoza op-A"]
[Site "Zaragoza"]
[Date "1995.??.??"]
[Round "7"]
[White "Korneev, Oleg"]
[Black "Campos Moreno, Javier B"]
[Result "1/2-1/2"]
[WhiteElo "2540"]
[BlackElo "2455"]

1.e4 c5 2.Nf3 Nc6 3.d4 cxd4 4.Nxd4 Nf6 5.Nc3 d6 6.Bg5 e6 7.Qd2 a6 8.O-O-O h6
9.Be3 Nxd4 10.Bxd4 b5 11.f3 Qa5 12.Kb1 b4 13.Bxf6 gxf6 14.Ne2 Bd7 15.Nf4 h5
16.Nd3 Rb8 17.b3 Bh6 18.f4 Bc6 19.Nb2 Rd8 20.Bd3 Qc5 21.Rhe1 Qc3 22.Qc1 d5
23.exd5 Rxd5 24.Nc4 f5 25.g3 Bg7 26.Ne5 O-O 27.Bc4 Rxe5 28.fxe5 Bxe5 29.Rxe5 Qxe5
30.Qg5+ Qg7 31.Qxg7+ Kxg7 32.Bxa6 Be4 33.Kb2 h4 34.c3 hxg3 35.hxg3 bxc3+
36.Kxc3 Kf6 37.Bd3 Rc8+ 38.Kd2 Ke5 39.a4 Ra8 40.Ke3 Rg8 41.Bxe4 fxe4 42.Kf2 Rc8
43.Rd2 Rb8 44.Rb2 Kd4 45.a5 Kc3 46.Rb1 Kc2 47.Re1 Rxb3 48.Ra1 Rb7 49.a6 Ra7
50.Ke3 Kb2 51.Ra5 f5 52.Kd4 Kc2 53.Ra2+ Kb3 54.Ra1 Kb2 55.Ra5 Kc2 56.Ke3 Kb3
57.g4 Kb4 58.Re5 Rxa6 59.gxf5 exf5 60.Rxf5  1/2-1/2

[Event "Zuerich op"]
[Site "Zuerich"]
[Date "1995.??.??"]
[Round "7"]
[White "Fierz, Martin"]
[Black "Pelletier, Yannick"]
[Result "0-1"]
[WhiteElo "2225"]
[BlackElo "2460"]

1.e4 c5 2.Nf3 Nc6 3.d4 cxd4 4.Nxd4 Nf6 5.Nc3 d6 6.Bg5 e6 7.Bb5 Bd7 8.Bxc6 bxc6
9.Qf3 Qa5 10.Bxf6 gxf6 11.O-O Qg5 12.e5 d5 13.exf6 Bd6 14.Rfe1 O-O 15.g3 Rad8
16.h4 Qg6 17.Qe3 e5 18.Nf3 Rfe8 19.Qg5 h6 20.Qd2 Qxf6 21.Nh2 Kh8 22.Kh1 Bc8
23.Nd1 d4 24.c3 Rg8 25.cxd4 exd4 26.Re4 c5  0-1

[Event "Deildakeppni 9596"]
[Site "Gardaboer"]
[Date "1996.03.??"]
[Round "?"]
[White "Thorsteinsson, Arnar"]
[Black "Thorhallsson, Throstur"]
[Result "1/2-1/2"]
[WhiteElo "2250"]
[BlackElo "2445"]

1.e4 c5 2.Nf3 d6 3.d4 cxd4 4.Nxd4 Nf6 5.Nc3 Nc6 6.Bg5 e6 7.Qd2 a6 8.O-O-O h6
9.Bf4 Bd7 10.Nb3 b5 11.f3 b4 12.Ne2 e5 13.Be3 a5 14.Kb1 a4 15.Nbc1 Be6 16.g4 d5
17.g5 hxg5 18.Bxg5 dxe4 19.Qe1 Qb6 20.Bxf6 gxf6 21.fxe4 b3 22.cxb3 axb3 23.Nxb3 Rxa2
24.Nec1 Ra8 25.Qc3 Bb4 26.Qd3 Ke7 27.Qb5 Qc7 28.Nc5 Nd4 29.Rxd4 Bxc5 30.Ra4 Rhb8
31.Rxa8 Rxb5 32.Bxb5 Qb7 33.Re8+ Kd6 34.Rd1+ Bd4 35.Rd8+ Kc5 36.R8xd4 exd4
37.Bd3 Bc4 38.Bc2 Qb8 39.Nd3+ Bxd3 40.Bxd3 Qxh2 41.Kc1 Kb4 42.Rd2 Qg1+ 43.Rd1 Qf2
44.Rd2 Qe3 45.Kc2 Kc5 46.Rd1 Qf2+ 47.Rd2 Qg3 48.Rd1 Kd6 49.Rd2 Ke5 50.Rd1 Kf4
51.Rd2 Ke3 52.Re2+ Kf3 53.Rd2 Qc7+ 54.Kb1 Ke3 55.Rd1 Qc6 56.Bc2 Qc4 57.Kc1 Qb4
58.Kb1 Ke2 59.Kc1 Qa5 60.Bd3+ Ke3 61.Kb1 Qc5 62.Bc2 Ke2 63.Kc1 Qg5+ 64.Kb1 Qe3
65.Ka2 d3 66.Rxd3 Qxd3 67.Bxd3+ Kxd3 68.Kb1 Kxe4 69.Kc2 Ke3 70.b4 Kd4 71.Kd2 Kc4
72.Ke3 Kxb4 73.Ke4 Kc5 74.Kf5 Kd6  1/2-1/2

[Event "BRA-ch"]
[Site "Americana"]
[Date "1996.??.??"]
[Round "4"]
[White "Van Riemsdijk, Herman C"]
[Black "Gomes, Luiz A"]
[Result "1-0"]
[WhiteElo "2425"]
[BlackElo "2310"]

1.e4 c5 2.Nf3 Nc6 3.d4 cxd4 4.Nxd4 Nf6 5.Nc3 d6 6.Bg5 Bd7 7.Be2 Rc8 8.O-O Qa5
9.Bxf6 gxf6 10.Nd5 Nxd4 11.Qxd4 Qc5 12.Qd2 h5 13.c4 Bg7 14.b4 Qc6 15.Qe3 e6
16.Rad1 Kf8 17.Nc3 a6 18.Qg3 Ke7 19.Rfe1 Rcg8 20.Bf1 h4 21.Qf3 Qc7 22.Re3 Rd8
23.Red3 Bc6 24.b5 axb5 25.cxb5 Be8 26.a4 Bh6 27.Rd4 Bg7 28.Qd3 Rh5 29.Ne2 Bh6
30.Qf3 Rc5 31.Qh3 e5 32.R4d3 Bg5 33.f4 exf4 34.Qf3 Bd7 35.Nxf4 Be6 36.Nd5+ Bxd5
37.exd5 Re8 38.Re1+ Kd8 39.Rxe8+ Kxe8 40.Qe4+ Qe7 41.Qxe7+ Kxe7 42.Kf2 Rc2+
43.Kf3 Ra2 44.Rc3 Kd8 45.Rc4 Rd2 46.b6 Rxd5 47.Rc7 Rf5+ 48.Ke2 Re5+ 49.Kd3 Re7
50.Rxe7 Kxe7 51.Be2 Kd8 52.Bg4 Bf4 53.h3 Bg3 54.Kc4 Bf2 55.a5 Be1 56.Kb5 d5
57.a6 bxa6+ 58.Kxa6 d4 59.b7 Bg3 60.Ka7 Ke7 61.b8=Q Bxb8+ 62.Kxb8 Kd6 63.Kb7 Ke5
64.Kc6 Kf4 65.Kd5 d3 66.Kd4 d2 67.Kd3 Kg3 68.Kxd2 Kxg2 69.Ke3 Kg3 70.Ke4 Kg2
71.Kf4 Kg1 72.Bf5 Kf2 73.Kg4 Ke3 74.Bc2 Kd4 75.Kxh4 Ke5 76.Kh5 Kf4 77.h4  1-0

[Event "Andorra"]
[Site "Andorra"]
[Date "1996.??.??"]
[Round "5"]
[White "Magem Badals, Jorge"]
[Black "Vera, Reynaldo"]
[Result "1/2-1/2"]
[WhiteElo "2570"]
[BlackElo "2505"]

1.e4 c5 2.Nf3 d6 3.d4 cxd4 4.Nxd4 Nf6 5.Nc3 Nc6 6.Bg5 e6 7.Qd2 Be7 8.Nb3 a6
9.O-O-O b5 10.Bxf6 gxf6 11.f4 b4 12.Ne2 Qb6 13.f5 e5 14.Ng3 a5 15.Kb1 a4
16.Nc1 Bb7 17.Bc4 Nd4 18.Nce2 Rc8 19.b3 Nb5 20.Bxb5+ Qxb5 21.c4 Qa5 22.Nc1 h5
23.Rhe1 Ra8 24.Re2 h4 25.Nf1  1/2-1/2

[Event "GRE-chT"]
[Site "Athens"]
[Date "1996.??.??"]
[Round "3"]
[White "Arakhamia, Ketevan"]
[Black "Kotronias, Vasilios"]
[Result "0-1"]
[WhiteElo "2455"]
[BlackElo "2615"]

1.e4 c5 2.Nf3 Nc6 3.d4 cxd4 4.Nxd4 Nf6 5.Nc3 d6 6.Bg5 e6 7.Qd2 Be7 8.O-O-O O-O
9.Nb3 Qb6 10.f3 Rd8 11.h4 d5 12.Bxf6 dxe4 13.Qe1 Rxd1+ 14.Qxd1 Bxf6 15.Nxe4 Be7
16.Kb1 Bd7 17.Bd3 Rd8 18.f4 Nb4 19.Ng5 h6 20.Qh5 Be8 21.Bh7+ Kf8 22.Nh3 Qc6
23.Qe2 f5 24.a3 Bh5 25.Qf2 Bxh4 26.Qc5+ Be7 27.Qf2 Nd5 28.Ng5 hxg5 29.Rxh5 Nxf4
30.Rh2 Bf6 31.g3 Nd5 32.g4 Nc3+ 33.bxc3 Rd1+ 34.Ka2 Ra1+  0-1

[Event "GRE-chT"]
[Site "Athens"]
[Date "1996.??.??"]
[Round "7"]
[White "Arakhamia, Ketevan"]
[Black "Atalik, Suat"]
[Result "0-1"]
[WhiteElo "2480"]
[BlackElo "2535"]

1.e4 c5 2.Nf3 d6 3.d4 cxd4 4.Nxd4 Nf6 5.Nc3 Nc6 6.Bg5 e6 7.Qd2 a6 8.O-O-O h6
9.Be3 Be7 10.f3 Nxd4 11.Bxd4 b5 12.Qf2 Bd7 13.g4 Qc8 14.Kb1 b4 15.Ne2 e5
16.Be3 Be6 17.Bg2 a5 18.h4 a4 19.Nc1 b3 20.cxb3 axb3 21.axb3 Qa6 22.Rd3 d5
23.g5 dxe4 24.fxe4 Ng4 25.Qg3 Nxe3 26.Rxe3 Bc5 27.Rc3 Bd4 28.Rd1 Bxc3 29.bxc3 Qa1+
30.Kc2 Bxb3+  0-1

[Event "POL-chT"]
[Site "Augustow"]
[Date "1996.??.??"]
[Round "?"]
[White "Jakubowski, Jaroslaw"]
[Black "Perdek, Miroslaw"]
[Result "1/2-1/2"]
[WhiteElo "2295"]
[BlackElo "2325"]

1.e4 c5 2.Nf3 d6 3.d4 cxd4 4.Nxd4 Nf6 5.Nc3 Nc6 6.Bg5 Bd7 7.Qd2 Rc8 8.Be2 h6
9.Be3 a6 10.O-O Nxd4 11.Bxd4 Qa5 12.f3 e5 13.Be3 Be7 14.a3 Qc7 15.Kh1 b5
16.f4 Bc6 17.Bd3 Qb7 18.fxe5 dxe5 19.Qf2 O-O 20.Qf5 Rce8 21.Rae1 Qd7 22.Qf3 Qg4
23.Qxg4 Nxg4 24.Bg1 Nf6 25.Nd5 Bxd5 26.exd5 Bd6 27.c4 bxc4 28.Bxc4 a5 29.a4 Rb8
30.b3 Rfd8 31.Rd1 Nd7 32.Bb5 Kf8 33.Rf3 Ke7 34.Rc3 f5 35.Rc6 e4 36.Bd4 g5
37.Rdc1 Ra8 38.g3 Rab8 39.Re1 Nf6 40.Bxf6+ Kxf6 41.Re2 Ke5 42.Bc4 Rdc8 43.Ra6 Rc5
44.Kg1 Re8 45.Kf2 Re7 46.Re1 h5 47.h3 Rc8 48.Rxa5 Bb4 49.Rb5 Bxe1+ 50.Kxe1 f4
51.d6+ Kxd6 52.Rd5+ Kc6 53.Rxg5 f3 54.Rf5 Rd8 55.a5 Rd4 56.a6 Kb6 57.Rb5+ Ka7
58.Rf5 Rd6 59.Rf4 Rd4 60.Rf5 Kb6 61.Rb5+ Ka7 62.Rf5 Kb6  1/2-1/2

[Event "AUT-chT2S 9697"]
[Site "Austria"]
[Date "1996.??.??"]
[Round "3"]
[White "Siklosi, Zoltan"]
[Black "Robatsch, Karl"]
[Result "1/2-1/2"]
[WhiteElo "2395"]
[BlackElo "2370"]

1.e4 c5 2.Nf3 d6 3.d4 cxd4 4.Nxd4 Nf6 5.Nc3 Nc6 6.Bg5 e6 7.Qd2 a6 8.O-O-O Bd7
9.f3 h6 10.Be3 Nxd4 11.Bxd4 e5 12.Be3 Rc8 13.g4 Be6 14.h4 Qa5  1/2-1/2

[Event "AUT-chT2S 9697"]
[Site "Austria"]
[Date "1996.??.??"]
[Round "6"]
[White "Wurm, Christoph"]
[Black "Tschurl, M."]
[Result "1/2-1/2"]
[WhiteElo "2010"]
[BlackElo "2070"]

1.e4 c5 2.Nf3 d6 3.d4 cxd4 4.Nxd4 Nf6 5.Nc3 Nc6 6.Bg5 e6 7.Be2 a6 8.Qd2 h6
9.Bh4 Bd7 10.Bg3 b5 11.a3 Nxd4 12.Qxd4 Bc6 13.O-O Be7 14.Rfd1 e5 15.Qd3 O-O
16.Bh4 Ne8 17.Bxe7 Qxe7 18.Nd5 Qb7 19.Rd2 Rd8 20.Rad1 Kh8 21.a4 Nc7 22.Nxc7 Qxc7
23.axb5 axb5 24.Qc3 Qb7 25.f3 b4 26.Qb3 Qb8 27.Bc4 f5 28.exf5 Rxf5 29.Bd5 Bxd5
30.Rxd5 Rf6 31.Qd3 Rc8 32.h3  1/2-1/2

[Event "AUT-chT9697"]
[Site "Austria"]
[Date "1996.??.??"]
[Round "6"]
[White "Demuth, Markus"]
[Black "Titz, Heimo"]
[Result "0-1"]
[WhiteElo "2240"]
[BlackElo "2325"]

1.e4 c5 2.Nf3 Nc6 3.d4 cxd4 4.Nxd4 Nf6 5.Nc3 d6 6.Bg5 Bd7 7.Qd2 Rc8 8.O-O-O Nxd4
9.Qxd4 Qa5 10.f4 h6 11.Bh4 g5 12.e5 Bg7 13.Be1 Nh5 14.Nd5 Qc5 15.Qxc5 dxc5
16.g3 gxf4 17.Be2 e6 18.Bxh5 exd5 19.gxf4 d4 20.Rg1 Bf8 21.Bh4 Be7 22.Bxe7 Kxe7
23.Rg7 Rhf8 24.Rdg1 Bf5 25.Bg4 Bxg4 26.R1xg4 Ke6 27.Rh7 Rh8 28.Rgg7 Rcf8
29.Rxh8 Rxh8 30.f5+ Kxe5 31.Rxf7 Rb8 32.Rh7 Kxf5 33.Rxh6 Ke4 34.Kd2 b5 35.Rh4+ Kd5
36.Rh5+ Kc6 37.h4 Rf8 38.Re5 Rf4 39.h5 Rh4 40.Rg5 c4 41.Rg6+ Kc5 42.Rg5+ Kb4
43.a3+ Ka4 44.b3+ Kxa3 45.Rxb5 Rh2+ 46.Kd1 c3 47.Rd5 Kb2 48.Rxd4 Rh1+ 49.Ke2 Kxc2
50.Rd7 Kb2  0-1

[Event "AUT-chT2S 9697"]
[Site "Austria"]
[Date "1996.??.??"]
[Round "11"]
[White "Wurm, Christoph"]
[Black "Genser, Harald"]
[Result "0-1"]
[WhiteElo "2175"]
[BlackElo "2070"]

1.e4 c5 2.Nf3 d6 3.d4 cxd4 4.Nxd4 Nf6 5.Nc3 Nc6 6.Bg5 e6 7.Be2 Be7 8.Qd2 O-O
9.O-O-O Nxd4 10.Qxd4 Qa5 11.h4 Rd8 12.Rd3 Bd7 13.Rg3 Kh8 14.f4 Bc6 15.Qe3 Qc5
16.Qxc5 dxc5 17.e5 Ng8 18.Bxe7 Nxe7 19.Bf3 Nf5 20.Rgh3 Bxf3 21.Rxf3 h5 22.g3 Kg8
23.Rd1 Rxd1+ 24.Nxd1 Rd8 25.c3 f6 26.Kc2 c4 27.exf6 gxf6 28.b3 Kf7 29.bxc4 Rg8
30.Rd3 Ke7 31.Ne3 Nxg3 32.Kb3 Ne4 33.Kb4 Rg1 34.c5 Rb1+ 35.Kc4 Ra1 36.Kb3 Nxc5+  0-1

[Event "AUT-chT9596"]
[Site "?"]
[Date "1996.??.??"]
[Round "?"]
[White "Watzka, Horst"]
[Black "Titz, Heimo"]
[Result "1/2-1/2"]
[WhiteElo "2340"]
[BlackElo "2305"]

1.e4 c5 2.Nf3 Nc6 3.d4 cxd4 4.Nxd4 Nf6 5.Nc3 d6 6.Bg5 e6 7.Bb5 Bd7 8.Bxc6 Bxc6
9.Nxc6 bxc6 10.e5 Qa5 11.Bxf6 gxf6 12.exd6 Qe5+ 13.Qe2 Bxd6 14.O-O-O Qxe2
15.Nxe2 Bc5 16.Rhf1 Rd8 17.Rxd8+ Kxd8 18.Nf4 Ke7 19.Nd3  1/2-1/2

[Event "AUT-chT9596"]
[Site "?"]
[Date "1996.??.??"]
[Round "?"]
[White "Kindermann, Stefan"]
[Black "Popovic, Petar"]
[Result "1-0"]
[WhiteElo "2575"]
[BlackElo "2570"]

1.e4 c5 2.Nf3 d6 3.d4 cxd4 4.Nxd4 Nf6 5.Nc3 Nc6 6.Bg5 e6 7.Qd2 a6 8.O-O-O h6
9.Be3 Bd7 10.f3 b5 11.Nxc6 Bxc6 12.Ne2 e5 13.Ng3 Qc7 14.Bd3 Bd7 15.h3 Be6
16.Kb1 d5 17.exd5 Nxd5 18.Bf5 Bxf5 19.Nxf5 Rd8 20.Qe1 g6 21.Bd4 f6 22.Ne3 Kf7
23.Nxd5 Rxd5 24.Be3 Rxd1+ 25.Qxd1 Qd6 26.Qe2 Be7 27.c4 bxc4 28.Qxc4+ Kg7
29.Rc1 Rd8 30.a3 Qd3+ 31.Qxd3 Rxd3 32.Rc7 Kf8 33.Bxh6+ Ke8 34.Bc1 Rd1 35.Ka2 Rg1
36.Rc2 Kd7 37.b4 f5 38.Kb3 Bd6 39.Kc4 Rd1 40.Bb2 Ke6 41.Re2 g5 42.a4 Bc7
43.b5 axb5+ 44.Kxb5 Rd5+ 45.Kc4 Ra5 46.Kb3 Ra8 47.Bc3 Rb8+ 48.Kc4 Rc8 49.Kb5 Bd6
50.Be1 Rb8+ 51.Kc4 Ra8 52.Kb3 Rb8+ 53.Kc2 Ra8 54.a5 Bc7 55.Bc3 Kf6 56.Re1 Ra6
57.Rb1 g4 58.f4 gxh3 59.gxh3 Ke6 60.fxe5 f4 61.Kd3 Kf5 62.Re1 f3 63.e6 Rd6+
64.Kc2 f2 65.Rf1 Kxe6 66.Rxf2 Bd8 67.Rd2 Rxd2+ 68.Kxd2 Kd5 69.a6 Kc6 70.Bd4 Bh4
71.Ke2 Kc7 72.Kf3 Kc6 73.Bf2 Bd8 74.Kg4  1-0

[Event "AUT-ch"]
[Site "AUT"]
[Date "1996.??.??"]
[Round "5"]
[White "Dueckstein, Andreas"]
[Black "Loebler, Heimo"]
[Result "1-0"]
[WhiteElo "2305"]
[BlackElo "2275"]

1.e4 c5 2.Nf3 Nc6 3.d4 cxd4 4.Nxd4 Nf6 5.Nc3 d6 6.Bg5 e6 7.Qd3 a6 8.Be2 Bd7
9.O-O Be7 10.Kh1 Qc7 11.Rad1 Ne5 12.Qg3 Bc6 13.f4 Ned7 14.Nxc6 bxc6 15.e5 dxe5
16.fxe5 Qxe5 17.Bf4 Qf5 18.Bc1 Qa5 19.Qxg7 Rg8 20.Qh6 O-O-O 21.Rd4 Rg6 22.Qh3 Qb6
23.Qd3 Nc5 24.Rxd8+ Bxd8 25.Qc4 Ncd7 26.Qxa6+ Qxa6 27.Bxa6+ Kb8 28.Bd3 Rg4
29.h3 Rd4 30.Be3 Rb4 31.b3 Ka8 32.g4 Ne5 33.a3 Rb7 34.Bd2 Nd5 35.Be4 Ng6
36.Nxd5 cxd5 37.Bd3 Rd7 38.Bb5 Rc7 39.Ba5 Rc8 40.Bxd8 Rxd8  1-0

[Event "AUT-ch"]
[Site "AUT"]
[Date "1996.??.??"]
[Round "5"]
[White "Kwatschewsky, Leo"]
[Black "Wohlmann, Erich"]
[Result "1/2-1/2"]
[WhiteElo "2250"]
[BlackElo "2210"]

1.e4 c5 2.Nf3 d6 3.d4 cxd4 4.Nxd4 Nf6 5.Nc3 Nc6 6.Bg5 e6 7.Qd2 a6 8.O-O-O Be7
9.f4 Bd7 10.Nf3 b5 11.Bd3 h6 12.Bh4 b4 13.Ne2 a5 14.Kb1 Qb6 15.Nc1 a4 16.Rde1 Rb8
17.Re2 Bc8 18.Bf2 Qa5 19.Nd4 Nxd4 20.Bxd4 e5 21.Bf2 Ng4 22.f5 Bg5 23.Qe1 Bxc1
24.Qxc1 Nxf2 25.Rxf2 a3 26.Qe3 axb2 27.Bc4 Qc5 28.Qxc5 dxc5 29.Rd1 Bb7 30.f6 O-O
31.fxg7 Kxg7 32.Rd7 Bxe4 33.Re2 Rb7 34.Rxb7  1/2-1/2

[Event "AUT-ch"]
[Site "AUT"]
[Date "1996.??.??"]
[Round "6"]
[White "Baumegger, Siegfried"]
[Black "Wittmann, Walter"]
[Result "1/2-1/2"]
[WhiteElo "2310"]
[BlackElo "2370"]

1.e4 c5 2.Nf3 d6 3.d4 cxd4 4.Nxd4 Nf6 5.Nc3 Nc6 6.Bg5 e6 7.Qd2 Be7 8.O-O-O O-O
9.Nb3 Qb6 10.f3 Rd8 11.Be3 Qc7 12.Qf2 Nd7 13.Nb5 Qb8 14.g4 a6 15.N5d4 Nc5
16.Nxc5 dxc5 17.Nxc6 Rxd1+ 18.Kxd1 Qd6+ 19.Kc1 Qxc6 20.h4 b5 21.g5 Bd7 22.h5 Be8
23.Qh2 Qd6 24.Qxd6 Bxd6 25.Be2 Bc6 26.h6 g6 27.Rd1 Be7 28.e5 Kf8 29.f4 Ke8  1/2-1/2

[Event "AUT-ch"]
[Site "AUT"]
[Date "1996.??.??"]
[Round "6"]
[White "Aschauer, Guenther"]
[Black "Kwatschewsky, Leo"]
[Result "1/2-1/2"]
[WhiteElo "1955"]
[BlackElo "2250"]

1.e4 c5 2.Nf3 d6 3.d4 cxd4 4.Nxd4 Nf6 5.Nc3 Nc6 6.Bg5 e6 7.Qd2 Be7 8.O-O-O O-O
9.Nb3 Qb6 10.f3 Rd8 11.Be3 Qc7 12.Qf2 d5 13.exd5 Nxd5 14.Nxd5 Rxd5 15.Rxd5 exd5
16.g4 Be6 17.Kb1 Rd8 18.c3 d4 19.Nxd4 Nxd4 20.Bxd4 Qa5 21.b3 Bf6 22.Bd3 Bxd4
23.cxd4 Qb6 24.Qc2 h6 25.Rd1 Rxd4 26.Be4 Rxd1+ 27.Qxd1 Qc7 28.Qd2 b6 29.h4 Kf8
30.Qd3 Ke7 31.Qd4 f6 32.g5 hxg5 33.hxg5 Qd6 34.gxf6+ gxf6 35.Qg1  1/2-1/2

[Event "Wch Seniors"]
[Site "Bad Liebenzell"]
[Date "1996.??.??"]
[Round "6"]
[White "Gruzmann, Boris"]
[Black "Katalymov, Boris N"]
[Result "0-1"]
[WhiteElo "2260"]
[BlackElo "2410"]

1.e4 c5 2.Nf3 d6 3.d4 cxd4 4.Nxd4 Nf6 5.Nc3 Nc6 6.Bg5 Bd7 7.Qd2 Rc8 8.O-O-O Nxd4
9.Qxd4 Qa5 10.Bd2 a6 11.Kb1 Qc5 12.Qxc5 Rxc5 13.f3 g6 14.Be3 Rc6 15.Bd4 Bg7
16.Nd5 e5 17.Nxf6+ Bxf6 18.Be3 Be6 19.h4 h5 20.g3 Bd8 21.Rh2 Ke7 22.Rhd2 Bb6
23.Bxb6 Rxb6 24.b3 f5 25.Bd3 Rf8 26.Kb2 f4 27.Rg1 fxg3 28.Rxg3 Rf6 29.Bf1 Bf7
30.c4 Rf4 31.Rh2 Rc6 32.Be2 Rc8 33.Rg1 Rf8 34.Kc3 Be8 35.Rg3 Kf6 36.Kd2 Rf7
37.Rg1 Rc7 38.Rc1 Rg7 39.c5 Bc6 40.cxd6 Rd7 41.Ke3 Rxd6 42.Rg1 a5 43.Rhg2 Be8
44.Rh2 Rd4 45.Bc4 a4 46.Rh3 Rd8 47.bxa4 Rc8 48.Bb3 Rc3+ 49.Kd2 Rcxf3 50.Rxf3 Rxf3
51.Bd5 Bxa4 52.Rb1 b5 53.Rc1 Rf4 54.Rc6+ Kg7 55.Rc7+ Kh6 56.Re7 Rxh4 57.Rxe5 b4
58.Re7 Rh2+ 59.Ke3 b3 60.axb3 Bxb3 61.Kf4 Rh3 62.Rb7 Bc2 63.Ke5 Re3 64.Kd6 g5
65.e5 g4 66.e6 Be4 67.Bxe4 Rxe4 68.e7 g3 69.Rb8 h4 70.Rh8+ Kg5 71.e8=Q Rxe8
72.Rxe8 Kf4 73.Rf8+ Ke4 74.Rg8 Kf3 75.Ke5 g2 76.Rf8+ Ke3 77.Rg8 h3  0-1

[Event "Wch Seniors"]
[Site "Bad Liebenzell"]
[Date "1996.??.??"]
[Round "9"]
[White "Rosen, Willy"]
[Black "Arkhangelsky, Boris"]
[Result "1-0"]
[WhiteElo "2270"]
[BlackElo "2380"]

1.e4 c5 2.Nf3 Nc6 3.d4 cxd4 4.Nxd4 Nf6 5.Nc3 d6 6.Bg5 e6 7.Qd2 a6 8.O-O-O h6
9.Be3 Be7 10.f4 Nxd4 11.Bxd4 b5 12.Qe3 Qc7 13.e5 dxe5 14.fxe5 Nd7 15.Ne4 O-O
16.Nf6+ Nxf6 17.exf6 Bxf6 18.Bxf6 gxf6 19.Rd4 f5 20.Rh4 Rd8 21.Qxh6 Qe5 22.Qg5+  1-0

[Event "Wch Seniors"]
[Site "Bad Liebenzell"]
[Date "1996.??.??"]
[Round "10"]
[White "Gruzmann, Boris"]
[Black "Vasiukov, Evgeni"]
[Result "1/2-1/2"]
[WhiteElo "2260"]
[BlackElo "2505"]

1.e4 c5 2.Nf3 Nc6 3.d4 cxd4 4.Nxd4 Nf6 5.Nc3 d6 6.Bg5 Qb6 7.Nb3 e6 8.Bd3 Be7
9.O-O O-O 10.Be3 Qc7 11.f4 b6 12.g4 h6 13.h4 d5 14.e5 Ne4 15.Nxe4 dxe4 16.Bxe4 Ba6
17.Rf3 Rad8 18.Qe1 Nb4 19.Nd4 Bb7 20.Bf2 Rxd4 21.Bxd4 Nxc2 22.Rc3 Qd7 23.Bxc2 Qxd4+
24.Qf2 Bc5 25.Rxc5 Qxc5 26.Qxc5 bxc5 27.Kf2 Bd5 28.Ke3 Rb8 29.b3 a5 30.Bd3 g5
31.hxg5 hxg5 32.fxg5 Rb4 33.Rc1 Rxg4 34.Rxc5 Rg3+ 35.Kd4 Rg4+ 36.Ke3 Rg3+
37.Kd4 Rg4+  1/2-1/2

[Event "Balatonbereny op"]
[Site "Balatonbereny"]
[Date "1996.??.??"]
[Round "8"]
[White "Kallgren, Mikael"]
[Black "Turzo, Attila"]
[Result "0-1"]
[WhiteElo "2135"]
[BlackElo "2360"]

1.e4 c5 2.Nf3 Nc6 3.d4 cxd4 4.Nxd4 Nf6 5.Nc3 d6 6.Bg5 e6 7.Qd2 a6 8.O-O-O Bd7
9.f3 Be7 10.h4 Rc8 11.g4 h5 12.gxh5 Nxh5 13.Rg1 Nf6 14.Nxc6 Bxc6 15.Qe3 Qa5
16.Bc4 Qc5 17.Qxc5 dxc5 18.a4 g6 19.f4 Nxe4 20.Nxe4 Bxe4 21.Rge1 Bxg5 22.hxg5 Bc6
23.Bxe6 fxe6 24.Rxe6+ Kf7 25.Rdd6 Rc7 26.Rxg6 Rh1+ 27.Kd2 Rd7 28.Rf6+ Ke7
29.Re6+ Kd8 30.f5 Rh5 31.Rg6 Rxd6+ 32.Rxd6+ Bd7 33.Rd5 Rxg5 34.Rxc5 Rxf5
35.Rxf5 Bxf5 36.a5 Kc7 37.c4 Kd6 38.b4 Bd7 39.Kd3 Ke5 40.Ke3 Bh3 41.Ke2 Kd4
42.b5 axb5 43.cxb5 Bd7 44.b6 Bb5+ 45.Kd2 Kc4 46.a6 Bxa6  0-1

[Event "Barbera op"]
[Site "Barbera"]
[Date "1996.??.??"]
[Round "3"]
[White "Dimitrov, Vladimir"]
[Black "Estremera Panos, Sergio"]
[Result "1/2-1/2"]
[WhiteElo "2530"]
[BlackElo "2345"]

1.e4 c5 2.Nf3 d6 3.d4 cxd4 4.Nxd4 Nf6 5.Nc3 Nc6 6.Bg5 e6 7.Qd2 a6 8.O-O-O Bd7
9.f3 Rc8 10.Kb1 Be7 11.h4 O-O 12.g4 b5 13.Nxc6 Bxc6 14.Bd3 Nd7 15.Ne2 d5
16.Nd4 Bb7 17.Qh2 dxe4 18.Bxe4 Bxe4 19.fxe4 Qe8 20.e5 Bc5 21.h5 Bxd4 22.Rxd4 Nxe5
23.Qxe5 f6 24.Qe3 fxg5 25.Re1 h6 26.a3 Rc6 27.Red1 e5 28.Rd7 Rcf6 29.Qa7 R6f7
30.Rxf7 Qxf7 31.Qxa6 Qc4 32.Re1 Rf1 33.Rxf1 Qxf1+ 34.Ka2 Qc4+ 35.Kb1 Qf1+
36.Ka2 Qc4+ 37.Kb1  1/2-1/2

[Event "Oberliga Bayern9596"]
[Site "Bayern"]
[Date "1996.??.??"]
[Round "?"]
[White "Dengler, Peter"]
[Black "Taggatz, Mario"]
[Result "1/2-1/2"]
[WhiteElo "2315"]
[BlackElo "2225"]

1.e4 c5 2.Nf3 d6 3.d4 cxd4 4.Nxd4 Nf6 5.Nc3 Nc6 6.Bg5 e6 7.f4 h6 8.Bh4 Be7
9.Qd3 a6 10.O-O-O Bd7 11.Be2 Rc8 12.Nxc6 Bxc6 13.f5 O-O 14.g4 d5 15.e5 Nxg4
16.Bxe7 Qxe7 17.f6 Nxe5 18.fxe7 Nxd3+ 19.Rxd3 Rfe8 20.Rg1 Rxe7 21.Kd2 Rec7
22.Ke3 e5 23.Nxd5 Bxd5 24.Rxd5 Rxc2 25.Bg4 Rf8 26.Rd2  1/2-1/2

[Event "Beersheba"]
[Site "Beersheba"]
[Date "1996.??.??"]
[Round "4"]
[White "Shmuter, Leonid"]
[Black "Vydeslaver, Alik"]
[Result "1/2-1/2"]
[WhiteElo "2490"]
[BlackElo "2480"]

1.e4 c5 2.Nf3 d6 3.d4 cxd4 4.Nxd4 Nf6 5.Nc3 Nc6 6.Bg5 e6 7.Qd2 a6 8.O-O-O h6
9.Be3 Be7 10.f4 Nxd4 11.Bxd4 b5 12.Bd3 Bb7 13.Kb1 b4 14.Na4 Bc6 15.Qxb4 Rb8
16.Qc4 Bb5 17.Qb3 Bc6 18.Qc4 Bb5 19.Qb3 Bc6  1/2-1/2

[Event "Beersheba"]
[Site "Beersheba"]
[Date "1996.??.??"]
[Round "9"]
[White "Vydeslaver, Alik"]
[Black "Greenfeld, Alon"]
[Result "0-1"]
[WhiteElo "2480"]
[BlackElo "2560"]

1.e4 c5 2.Nf3 d6 3.d4 cxd4 4.Nxd4 Nf6 5.Nc3 Nc6 6.Bg5 e6 7.Qd2 a6 8.O-O-O h6
9.Be3 Be7 10.f4 Nxd4 11.Bxd4 b5 12.Qe3 Bb7 13.Bxf6 gxf6 14.Kb1 Qc7 15.Bd3 O-O-O
16.f5 Qc5 17.Qh3 Qe5 18.fxe6 fxe6 19.a4 Bc6 20.axb5 Bd7 21.bxa6 Kc7 22.Qe3 Ra8
23.Bc4 Rhb8 24.Qd4 Qa5 25.Ne2 Bb5 26.Bxb5 Qxb5 27.Nf4 Kd7 28.Nd3 Rc8 29.a7 Rc4
30.Qe3 Qa5 31.c3 Rxa7 32.Nb4 Rxb4 33.cxb4 Qa2+ 34.Kc2 f5 35.h4 Rc7+ 36.Kd3 Qc4+
37.Kd2 Qc2+ 38.Ke1 Qxg2 39.Rh3 f4 40.Qd3 f3 41.Qb5+ Kc8 42.Qa6+ Kd8 43.Qa8+ Kd7
44.Qa4+ Rc6 45.Qa7+ Rc7 46.Qa4+ Rc6 47.Qa7+ Ke8 48.Qa8+ Kf7 49.Rxf3+ Qxf3
50.Qxc6 Bxh4+ 51.Kd2 Bg5+ 52.Ke1 Qe3+ 53.Kf1 Qf3+ 54.Ke1 Qh1+ 55.Ke2 Qg2+
56.Kd3 Qf3+  0-1

[Event "Tan Cup"]
[Site "Beijing"]
[Date "1996.??.??"]
[Round "1"]
[White "Peng Xiaomin"]
[Black "Atalik, Suat"]
[Result "1-0"]
[WhiteElo "2490"]
[BlackElo "2525"]

1.e4 c5 2.Nf3 d6 3.d4 cxd4 4.Nxd4 Nf6 5.Nc3 Nc6 6.Bg5 e6 7.Qd2 a6 8.O-O-O h6
9.Be3 Be7 10.f4 Nxd4 11.Bxd4 b5 12.Bd3 b4 13.Na4 Rb8 14.e5 dxe5 15.Bxe5 Bd7
16.f5 Bxa4 17.fxe6 Rc8 18.exf7+ Kxf7 19.Qf4 Qb6 20.Bc4+ Kf8 21.Rhe1 Rc6 22.Rd4 a5
23.Rde4 Rc8 24.Qf5 Rd8 25.Bd4 Rxd4 26.Rxe7 Rxc4 27.Qg6 Rxc2+ 28.Kb1 Rxb2+
29.Kxb2 Qf2+ 30.Ka1  1-0